000 00902cam a2200277 4500
008 040426n2004 000 0 eng u
020 _a1898671362
035 _a(Sirsi) u125944
041 _aeng
050 _a692.8
_c18
110 _aConstruction Industry Council
_92417
245 _aNovation agreement CIC/NovAgr
250 _a1st ed.
260 _aLondon
_bCIC
_c2004
300 _a9p. ; 30cm.
350 _a14
520 _aStandard form of agreement for use where the appointment of a consultant is to be novated from an employer to a design and build contractor. A "Supplemental agreement" (J125883) is also available.
650 _aCONSULTANTS
650 _aDESIGN AND BUILD CONTRACTORS
650 _aEMPLOYERS
650 _aNOVATION
650 _aSTANDARD FORMS OF AGREEMENT
650 _aWARRANTIES
690 _aBUILT ENVIRONMENT-BUILDING CONTRACT FORMS
942 _n0
999 _c103517
_d103517